000 01105nam0a2200325 i 4500
001 RU\NLR\bibl\2070450
005 20260406103418.0
010 _a9785996802142
_930000
021 _aRU
_b2013-61183
_94199
035 _a(nilc)RuMoRGB-006624364
035 _a(NLR Aleph) 002056793
090 _a4667711
_c4667711
100 _a20130805d2012 u y0rusy50 ca
101 0 _arus
102 _aRU
105 _ay |||||||||
200 1 _aАкафист Пресвятой Богородице в честь иконы Ее Казанская
210 _aМосква
_cБлаговест
_d2012
215 _a31 с.
_d15
605 _aИкона Божией Матери Казанская
_jАкафисты
_92392920
_3RU\NLR\auth\661426882
686 _aЭ372.24-507
702 0 _4050
_8rus
_7ca
_aБогородица
_3RU\NLR\AUTH\7789114
_972042
801 0 _aRU
_bRuMoRKP
_c20130805
_gRCR
801 2 _aRU
_bРГБ
_c20130808
801 1 _aRU
_bRuMoRKP
_c20130805
_2rusmarc
801 2 _aRU
_bNLR
_c20130910
_grcr
942 _cBOOK
980 _aNBR